| 000 | 00000nam##2200000za#4500 |
| 001 | 9.640999 |
| 003 | CaOODSP |
| 005 | 20250506145323 |
| 007 | cr ||||||||||| |
| 008 | 150407|1982||||xxc|||||o f|0| 0 fre|d |
| 040 | |aCaOODSP|bfre |
| 043 | |an-cn--- |
| 086 | 1 |aA43-1738/1982F-PDF |
| 110 | 1 |aCanada.|bAgriculture Canada. |
| 245 | 10|aRépression de la pyrale du maïs / |h[ressource électronique]|c[par] M. Hudon, D. G. R. McLeod et W. H. Foott. |
| 260 | |aOttawa - Ontario : |bAgriculture Canada |c1982. |
| 300 | |a16p.|bfigures, tableau, photographies |
| 500 | |aPublication 1738F. Publication historique numérisée par Agriculture et Agroalimentaire Canada. Le n° de catalogue (A43-1738/1982F) et l'ISBN (0-662-91584-4) de l'édition imprimée ont été copiés dans l'édition électronique. |
| 590 | |a12-42-Supp|b2012-11-21 |
| 691 | 07|aInsecte|2gcpds |
| 691 | 07|aInsecticide|2gcpds |
| 691 | 07|aMaïs|2gcpds |
| 720 | 1 |aMcLeod, D. G. R. |
| 720 | 1 |aHudon, M. |
| 720 | 1 |aFoott, W. H. |
| 775 | 08|tControl of the European corn borer / |w(CaOODSP)9.696920 |
| 856 | 40|ahttp://publications.gc.ca|qPDF|s1.28 Mo|uhttps://publications.gc.ca/collections/collection_2012/agr/A43-1738-1982-fra.pdf |
| 986 | |a1738F |